000 00877cam a2200265 4500
008 021115n2002 000 0 eng u
020 _a0906527074
035 _a(Sirsi) u120469
050 _a634.92
_c18
100 _aHelliwell, D. Rodney
245 _aEconomics of woodland management
250 _a1988 edition with ammendments
260 _aChichester
_bPackard
_c2002
300 _aviii,64p.
_c21cm
350 _a4.99
520 _aA practical text on the management of woodland which includes comparisons of forestry and other land uses and the valuation of the benefits of nature conservation and amenity and recreation.
650 _aAMENITY VALUE
650 _aFORESTRY
650 _aFORESTRY MANAGEMENT
650 _aRECREATIONAL USE
650 _aWOODLAND MANAGEMENT
650 _aWOODS
690 _aRURAL-AGRICULTURE AND FORESTRY
942 _n0
999 _c102519
_d102519